[Event "Gibtelecom Masters 2nd"]
[Site "Gibraltar"]
[Date "2004.01.29"]
[Round "3.27"]
[White "White, Ian"]
[Black "Speck, Nick"]
[Result "1/2-1/2"]
[WhiteElo "2018"]
[BlackElo "2381"]
[PlyCount "124"]
[EventDate "2004.01.27"]
[EventType "swiss"]
[EventRounds "10"]
[EventCountry "GGB"]
[SourceTitle "BritBase"]
[Source "www.saund.co.uk"]
[SourceDate "2018.02.10"]
[SourceVersion "1"]
[SourceVersionDate "2018.02.10"]
[SourceQuality "1"]

1. e4 c5 2. Nf3 Nc6 3. Bb5 e6 4. O-O Nge7 5. c4 a6 6. Ba4 Qc7 7. Re1 Ng6 8.
Bxc6 Qxc6 9. d4 cxd4 10. Qxd4 f6 11. Nc3 Bc5 12. Qd3 O-O 13. b3 b6 14. Be3 Bb4
15. Nd4 Qc7 16. Rad1 Bb7 17. Nde2 Ne5 18. Qc2 f5 19. exf5 Qc6 20. Nf4 Rxf5 21.
Ncd5 Rxf4 22. Bxf4 Ng6 23. Bd2 Bxd2 24. Qxd2 exd5 25. Qxd5+ Qxd5 26. cxd5 Kf7
27. Rd3 Rc8 28. g3 h5 29. Rf3+ Kg8 30. Rfe3 Bxd5 31. Re8+ Rxe8 32. Rxe8+ Kf7
33. Rb8 b5 34. Rb6 Ne5 35. Rxa6 Nf3+ 36. Kg2 Nd2+ 37. Kg1 Bc6 38. f4 Ne4 39.
Ra5 g6 40. Kf1 Ke6 41. Ke2 Kd6 42. a4 b4 43. Kd3 Nf2+ 44. Kc4 Ng4 45. h3 Nf2
46. f5 g5 47. f6 Ne4 48. Kxb4 Ke6 49. f7 Kxf7 50. Rf5+ Kg6 51. Rf3 Nf6 52. Rd3
Kf5 53. a5 Bg2 54. Kc5 Ke4 55. Rd6 Ke5 56. Rd1 Bxh3 57. Re1+ Ne4+ 58. Kb6 Bg2
59. Rg1 Bf3 60. Rf1 Bg2 61. Rg1 Bf3 62. Rf1 Bg2 1/2-1/2

[Event "Gibtelecom Masters 2nd"]
[Site "Gibraltar"]
[Date "2004.01.29"]
[Round "3.32"]
[White "Poluljahov, Aleks"]
[Black "Heyl, Thomas"]
[Result "1-0"]
[WhiteElo "2526"]
[BlackElo "2059"]
[PlyCount "71"]
[EventDate "2004.01.27"]
[EventType "swiss"]
[EventRounds "10"]
[EventCountry "GGB"]
[SourceTitle "BritBase"]
[Source "www.saund.co.uk"]
[SourceDate "2018.02.10"]
[SourceVersion "1"]
[SourceVersionDate "2018.02.10"]
[SourceQuality "1"]

1. Nf3 d5 2. d4 e6 3. c4 Nf6 4. Nc3 Nbd7 5. e3 c6 6. Bd2 Bd6 7. Bd3 O-O 8. O-O
dxc4 9. Bxc4 e5 10. Qc2 Qe7 11. Bb3 e4 12. Ng5 Bxh2+ 13. Kxh2 Ng4+ 14. Kg1 Qxg5
15. Qxe4 Ndf6 16. Qf4 Qh4 17. f3 g5 18. Qd6 Ne8 19. Qxf8+ Kxf8 20. fxg4 f6 21.
Ne4 f5 22. Bd1 Kg7 23. Be1 Qh6 24. gxf5 Nf6 25. Nxf6 Kxf6 26. e4 g4 27. e5+ Ke7
28. Bxg4 Qe3+ 29. Bf2 Qg5 30. Bh3 Ke8 31. Rae1 b6 32. Be3 Qh5 33. e6 Ba6 34.
Rf3 Rd8 35. f6 Qa5 36. b4 1-0

[Event "Gibtelecom Masters 2nd"]
[Site "Gibraltar"]
[Date "2004.01.29"]
[Round "3.33"]
[White "Bryn, Askild"]
[Black "Shaw, John K"]
[Result "0-1"]
[WhiteElo "1977"]
[BlackElo "2465"]
[PlyCount "106"]
[EventDate "2004.01.27"]
[EventType "swiss"]
[EventRounds "10"]
[EventCountry "GGB"]
[SourceTitle "BritBase"]
[Source "www.saund.co.uk"]
[SourceDate "2018.02.10"]
[SourceVersion "1"]
[SourceVersionDate "2018.02.10"]
[SourceQuality "1"]

1. c4 e5 2. g3 Nf6 3. Bg2 h6 4. e3 c6 5. d4 exd4 6. exd4 d5 7. cxd5 Nxd5 8. Nf3
Qe7+ 9. Qe2 Qxe2+ 10. Kxe2 Be7 11. Nc3 Be6 12. Nxd5 Bxd5 13. Rd1 Nd7 14. Kf1
O-O 15. Ne5 Bxg2+ 16. Kxg2 Nb6 17. Be3 Nd5 18. Nd3 Rfe8 19. Nf4 Nxf4+ 20. Bxf4
Rad8 21. Be3 Rd5 22. Rd3 Red8 23. Rad1 Bf6 24. Kf3 h5 25. R1d2 c5 26. Ke4 Be7
27. Rd1 f5+ 28. Kf3 Bf6 29. Ke2 cxd4 30. Bc1 Rc8 31. Be3 Rc2+ 32. R1d2 Rxd2+
33. Bxd2 Kf7 34. Rb3 d3+ 35. Ke3 Bd4+ 36. Kxd3 Bxf2+ 37. Ke2 Bb6 38. a4 Rd7 39.
h3 Bd4 40. Kf3 Kf6 41. Rd3 Ke6 42. Rb3 Bc5 43. Be3 Bxe3 44. Rxe3+ Kf6 45. b4
Rd4 46. Rb3 g5 47. a5 Rd2 48. Rc3 g4+ 49. hxg4 hxg4+ 50. Ke3 Rb2 51. Rc4 Kg5
52. Rd4 a6 53. Rf4 Rg2 0-1

[Event "Gibtelecom Masters 2nd"]
[Site "Gibraltar"]
[Date "2004.01.29"]
[Round "3.34"]
[White "Arakhamia-Grant, Ketevan"]
[Black "Amaya Gonzalez, M."]
[Result "1-0"]
[WhiteElo "2435"]
[BlackElo "1920"]
[PlyCount "29"]
[EventDate "2004.01.27"]
[EventType "swiss"]
[EventRounds "10"]
[EventCountry "GGB"]
[SourceTitle "BritBase"]
[Source "www.saund.co.uk"]
[SourceDate "2018.02.10"]
[SourceVersion "1"]
[SourceVersionDate "2018.02.10"]
[SourceQuality "1"]

1. e4 e5 2. Nf3 Nf6 3. Nc3 d5 4. exd5 e4 5. Ng5 Bf5 6. Bb5+ Nbd7 7. O-O Be7 8.
Re1 Bg4 9. Be2 h5 10. Ngxe4 Ne5 11. Nxf6+ gxf6 12. d4 Bxe2 13. Qxe2 Ng4 14. h3
Qd6 15. Bf4 1-0

[Event "Gibtelecom Masters 2nd"]
[Site "Gibraltar"]
[Date "2004.01.29"]
[Round "3.39"]
[White "Nadig, Kruttika"]
[Black "Cardenas Romo, Alejandro"]
[Result "1-0"]
[WhiteElo "2159"]
[BlackElo "1911"]
[PlyCount "33"]
[EventDate "2004.01.27"]
[EventType "swiss"]
[EventRounds "10"]
[EventCountry "GGB"]
[SourceTitle "BritBase"]
[Source "www.saund.co.uk"]
[SourceDate "2018.02.10"]
[SourceVersion "1"]
[SourceVersionDate "2018.02.10"]
[SourceQuality "1"]

1. e4 d5 2. exd5 Qxd5 3. Nc3 Qa5 4. d4 Nf6 5. Bc4 c6 6. Nf3 Bg4 7. h3 Bh5 8.
Qe2 Qc7 9. g4 Bg6 10. Ne5 Nbd7 11. Bf4 Qb6 12. O-O-O e6 13. Nxd7 Nxd7 14. d5
O-O-O 15. dxe6 fxe6 16. Bxe6 Qb4 17. Qe5 1-0

[Event "Gibtelecom Masters 2nd"]
[Site "Gibraltar"]
[Date "2004.01.29"]
[Round "3.42"]
[White "Young, Melvyn"]
[Black "Smith, Andrew Philip"]
[Result "0-1"]
[WhiteElo "1717"]
[BlackElo "2198"]
[PlyCount "40"]
[EventDate "2004.01.27"]
[EventType "swiss"]
[EventRounds "10"]
[EventCountry "GGB"]
[SourceTitle "BritBase"]
[Source "www.saund.co.uk"]
[SourceDate "2018.02.10"]
[SourceVersion "1"]
[SourceVersionDate "2018.02.10"]
[SourceQuality "1"]

1. e4 e5 2. f4 d5 3. Nf3 exf4 4. exd5 c6 5. d4 Bd6 6. Bd3 Ne7 7. O-O O-O 8. Nc3
Ng6 9. Ne4 cxd5 10. Nxd6 Qxd6 11. a4 Nc6 12. c3 Bg4 13. b4 Qf6 14. Bd2 Rfe8 15.
Qc2 Bxf3 16. gxf3 Nd8 17. Rf2 Ne6 18. Raf1 Ng5 19. Kh1 Nh3 20. Rg2 Nh4 0-1

[Event "Gibtelecom Masters 2nd"]
[Site "Gibraltar"]
[Date "2004.01.30"]
[Round "4.1"]
[White "Motwani, Paul"]
[Black "Inarkiev, Ernesto"]
[Result "1/2-1/2"]
[WhiteElo "2537"]
[BlackElo "2606"]
[PlyCount "36"]
[EventDate "2004.01.27"]
[EventType "swiss"]
[EventRounds "10"]
[EventCountry "GGB"]
[SourceTitle "BritBase"]
[Source "www.saund.co.uk"]
[SourceDate "2018.02.10"]
[SourceVersion "1"]
[SourceVersionDate "2018.02.10"]
[SourceQuality "1"]

1. d4 Nf6 2. c4 g6 3. g3 Bg7 4. Bg2 O-O 5. Nf3 d6 6. O-O Nc6 7. Nc3 a6 8. e4
Bg4 9. Be3 Nd7 10. Qd2 Na5 11. b3 c5 12. Ne1 b5 13. cxb5 axb5 14. h3 Nxb3 15.
axb3 Rxa1 16. hxg4 Ra3 17. b4 cxb4 18. Nd5 e6 1/2-1/2

[Event "Gibtelecom Masters 2nd"]
[Site "Gibraltar"]
[Date "2004.01.30"]
[Round "4.2"]
[White "Gallagher, Joseph G"]
[Black "Kuzmin, Alexey"]
[Result "1/2-1/2"]
[WhiteElo "2524"]
[BlackElo "2570"]
[PlyCount "25"]
[EventDate "2004.01.27"]
[EventType "swiss"]
[EventRounds "10"]
[EventCountry "GGB"]
[SourceTitle "BritBase"]
[Source "www.saund.co.uk"]
[SourceDate "2018.02.10"]
[SourceVersion "1"]
[SourceVersionDate "2018.02.10"]
[SourceQuality "1"]

1. d4 Nf6 2. c4 g6 3. Nc3 Bg7 4. Nf3 O-O 5. g3 d5 6. cxd5 Nxd5 7. Bg2 Nxc3 8.
bxc3 c5 9. O-O Nc6 10. Rb1 cxd4 11. cxd4 Nxd4 12. Nxd4 Qxd4 13. Bh6 1/2-1/2

[Event "Gibtelecom Masters 2nd"]
[Site "Gibraltar"]
[Date "2004.01.30"]
[Round "4.3"]
[White "Sandipan, Chanda"]
[Black "Hebden, Mark"]
[Result "1-0"]
[WhiteElo "2524"]
[BlackElo "2549"]
[PlyCount "68"]
[EventDate "2004.01.27"]
[EventType "swiss"]
[EventRounds "10"]
[EventCountry "GGB"]
[SourceTitle "BritBase"]
[Source "www.saund.co.uk"]
[SourceDate "2018.02.10"]
[SourceVersion "1"]
[SourceVersionDate "2018.02.10"]
[SourceQuality "1"]

1. e4 e5 2. Nf3 Nc6 3. Bb5 a6 4. Ba4 Nf6 5. O-O Be7 6. Re1 b5 7. Bb3 O-O 8. d4
d6 9. c3 Bg4 10. Be3 exd4 11. cxd4 d5 12. e5 Ne4 13. Nc3 Nxc3 14. bxc3 f5 15.
Bf4 g5 16. Bc1 Na5 17. Bc2 Nc4 18. Qd3 Bh5 19. a4 Bg6 20. axb5 f4 21. Qd1 Bxc2
22. Qxc2 axb5 23. Rxa8 Qxa8 24. e6 c6 25. Nxg5 Bxg5 26. e7 Re8 27. Qf5 Bh6 28.
Qe6+ Kg7 29. h4 Qb8 30. Qxc6 Nd6 31. Re6 Nf5 32. Qxd5 Nxh4 33. Ba3 b4 34. Bxb4
Ng6 1-0

[Event "Gibtelecom Masters 2nd"]
[Site "Gibraltar"]
[Date "2004.01.30"]
[Round "4.4"]
[White "Seel, Christian"]
[Black "Ganguly, Surya Shekhar"]
[Result "0-1"]
[WhiteElo "2380"]
[BlackElo "2541"]
[PlyCount "46"]
[EventDate "2004.01.27"]
[EventType "swiss"]
[EventRounds "10"]
[EventCountry "GGB"]
[SourceTitle "BritBase"]
[Source "www.saund.co.uk"]
[SourceDate "2018.02.10"]
[SourceVersion "1"]
[SourceVersionDate "2018.02.10"]
[SourceQuality "1"]

1. d4 Nf6 2. c4 c5 3. Nf3 cxd4 4. Nxd4 e5 5. Nb5 d5 6. cxd5 Bc5 7. d6 O-O 8.
N1c3 Nc6 9. g3 Qb6 10. e3 Rd8 11. Bd2 Bg4 12. f3 Bxe3 13. fxg4 a6 14. Na4 Bf2+
15. Ke2 Qxb5+ 16. Kxf2 Qd5 17. Bg2 Nxg4+ 18. Qxg4 Qxd2+ 19. Kg1 Rxd6 20. Bxc6
Qe3+ 21. Kg2 Rd2+ 22. Kh3 Qh6+ 23. Qh4 Qxc6 0-1

[Event "Gibtelecom Masters 2nd"]
[Site "Gibraltar"]
[Date "2004.01.30"]
[Round "4.6"]
[White "Cramling, Pia"]
[Black "Dreev, Alexey"]
[Result "0-1"]
[WhiteElo "2488"]
[BlackElo "2682"]
[PlyCount "102"]
[EventDate "2004.01.27"]
[EventType "swiss"]
[EventRounds "10"]
[EventCountry "GGB"]
[SourceTitle "BritBase"]
[Source "www.saund.co.uk"]
[SourceDate "2018.02.10"]
[SourceVersion "1"]
[SourceVersionDate "2018.02.10"]
[SourceQuality "1"]

1. d4 d5 2. Nf3 Nf6 3. c4 c6 4. Nc3 e6 5. Bg5 h6 6. Bh4 dxc4 7. e4 g5 8. Bg3 b5
9. Be2 Bb7 10. h4 g4 11. Ne5 h5 12. O-O Nbd7 13. Qc2 Be7 14. Rad1 Qb6 15. Rfe1
Rd8 16. Qc1 a6 17. Bf1 Nf8 18. Qf4 Rh7 19. f3 N6d7 20. Nxd7 Rxd7 21. Bf2 Ng6
22. Qh2 e5 23. dxe5 Bc5 24. Qg3 Bxf2+ 25. Qxf2 Qxf2+ 26. Kxf2 gxf3 27. gxf3
Nxe5 28. Rxd7 Kxd7 29. f4 Ng4+ 30. Ke2 f6 31. Bh3 Kc7 32. Bxg4 hxg4 33. Kf2
Rxh4 34. Kg3 Rh8 35. Kxg4 Kd6 36. e5+ fxe5 37. Ne4+ Ke7 38. Kf5 Rd8 39. Nc3
Bc8+ 40. Kxe5 b4 41. Na4 Rd5+ 42. Ke4 Bf5+ 43. Kf3+ Kd6 44. Rh1 Rd3+ 45. Ke2
Bg4+ 46. Kf2 Rf3+ 47. Kg2 Rxf4 48. Kg3 Re4 49. Rh8 Be6 50. Rd8+ Ke7 51. Nc5
Rg4+ {(this score was missing, presumed lost, for five years, but then found
lurking in a corner of the Gibtelecom website on 17 Aug 2009!)} 0-1

[Event "Gibtelecom Masters 2nd"]
[Site "Gibraltar"]
[Date "2004.01.30"]
[Round "4.8"]
[White "Bakre, Tejas"]
[Black "Sulskis, Sarunas"]
[Result "1/2-1/2"]
[WhiteElo "2446"]
[BlackElo "2582"]
[PlyCount "91"]
[EventDate "2004.01.27"]
[EventType "swiss"]
[EventRounds "10"]
[EventCountry "GGB"]
[SourceTitle "BritBase"]
[Source "www.saund.co.uk"]
[SourceDate "2018.02.10"]
[SourceVersion "1"]
[SourceVersionDate "2018.02.10"]
[SourceQuality "1"]

1. e4 c5 2. Nf3 e6 3. d4 cxd4 4. Nxd4 Nf6 5. Nc3 Bb4 6. e5 Nd5 7. Bd2 Nxc3 8.
bxc3 Be7 9. Qg4 O-O 10. Bh6 g6 11. Bxf8 Bxf8 12. Qg3 d6 13. Rd1 dxe5 14. Nxe6
Qxd1+ 15. Kxd1 Bxe6 16. Bb5 Nd7 17. Bxd7 Rd8 18. Qh4 Rxd7+ 19. Ke2 Rc7 20. Rd1
Rxc3 21. Rd8 Rxc2+ 22. Ke1 Rc8 23. Rxc8 Bxc8 24. Qe4 Be6 25. Qxb7 Bxa2 26. Qxa7
Be6 27. Qb8 f6 28. Qe8 Bf7 29. Qd8 Kg7 30. Qc7 h5 31. h4 Kg8 32. Qd8 f5 33. f3
e4 34. fxe4 fxe4 35. Qd4 Be6 36. Qxe4 Kf7 37. Qf4+ Ke7 38. Ke2 Bg7 39. Ke3 Bf6
40. Qc7+ Kf8 41. g3 Kg8 42. Kf4 Bh3 43. Qd6 Kf7 44. Qc7+ Kg8 45. Qd6 Kf7 46.
Qc7+ 1/2-1/2

[Event "Gibtelecom Masters 2nd"]
[Site "Gibraltar"]
[Date "2004.01.30"]
[Round "4.10"]
[White "Barua, Dibyendu"]
[Black "McNab, Colin"]
[Result "1-0"]
[WhiteElo "2549"]
[BlackElo "2388"]
[PlyCount "67"]
[EventDate "2004.01.27"]
[EventType "swiss"]
[EventRounds "10"]
[EventCountry "GGB"]
[SourceTitle "BritBase"]
[Source "www.saund.co.uk"]
[SourceDate "2018.02.10"]
[SourceVersion "1"]
[SourceVersionDate "2018.02.10"]
[SourceQuality "1"]

1. e4 d6 2. d4 Nf6 3. Nc3 g6 4. Be3 Bg7 5. Qd2 c6 6. Nf3 Qa5 7. h3 Nbd7 8. Bd3
O-O 9. O-O Qc7 10. Ne2 e5 11. Ng3 d5 12. exd5 Nxd5 13. Bh6 exd4 14. Bxg7 Kxg7
15. Nh5+ Kh8 16. Qh6 Rg8 17. Rae1 N7f6 18. Ng5 Be6 19. Nxf6 Nxf6 20. Nxe6 fxe6
21. Rxe6 Qf7 22. Bc4 b5 23. Bb3 c5 24. Qg5 c4 25. Rxf6 Qe7 26. Qf4 Rad8 27. Rf7
Rgf8 28. Rxf8+ Qxf8 29. Qe5+ Qg7 30. Qxb5 cxb3 31. Qxb3 Qe5 32. Qd3 Rb8 33. b3
Rc8 34. Rd1 1-0

[Event "Gibtelecom Masters 2nd"]
[Site "Gibraltar"]
[Date "2004.01.30"]
[Round "4.11"]
[White "Rowson, Jonathan"]
[Black "Wippermann, Till"]
[Result "1/2-1/2"]
[WhiteElo "2547"]
[BlackElo "2353"]
[PlyCount "144"]
[EventDate "2004.01.27"]
[EventType "swiss"]
[EventRounds "10"]
[EventCountry "GGB"]
[SourceTitle "BritBase"]
[Source "www.saund.co.uk"]
[SourceDate "2018.02.10"]
[SourceVersion "1"]
[SourceVersionDate "2018.02.10"]
[SourceQuality "1"]

1. d4 Nf6 2. c4 e5 3. dxe5 Ng4 4. Bf4 Bb4+ 5. Nd2 Nc6 6. Ngf3 Qe7 7. e3 Ngxe5
8. Nxe5 Nxe5 9. a3 Bxd2+ 10. Qxd2 d6 11. Qc3 f6 12. Be2 O-O 13. b4 Ng6 14. Bg3
f5 15. Qd2 f4 16. exf4 Nxf4 17. Bxf4 Qf6 18. O-O Qxf4 19. Qd5+ Kh8 20. Rad1 Rb8
21. c5 dxc5 22. Qxc5 b6 23. Qe7 Bh3 24. Qe3 Qxe3 25. fxe3 Rxf1+ 26. Rxf1 Bd7
27. Rf7 Rd8 28. b5 h6 29. h4 Kg8 30. Bc4 Kh7 31. Bd3+ Kg8 32. Bc4 Kh7 33. h5 c6
34. bxc6 Bxc6 35. Rxa7 Rd2 36. Bf7 Rxg2+ 37. Kf1 Rg5 38. Bg6+ Kg8 39. Rc7 Bb5+
40. Kf2 Rc5 41. Rb7 Kf8 42. Rxb6 Ke7 43. Rb7+ Bd7 44. Ra7 Kd6 45. Kf3 Rg5 46.
Kf4 Rg4+ 47. Kf3 Rg5 48. e4 Bg4+ 49. Kf4 Bxh5 50. Bxh5 Rxh5 51. Rxg7 Ra5 52.
Rg3 h5 53. Rb3 h4 54. Re3 Ke6 55. Rb3 Ra4 56. Rb6+ Kf7 57. Rb3 Ke6 58. Rc3 Kf6
59. Rc6+ Ke7 60. Rh6 Rxa3 61. Kf5 h3 62. Rh7+ Ke8 63. e5 Ra6 64. Rh8+ Ke7 65.
Rxh3 Rb6 66. Rh7+ Ke8 67. Ra7 Rc6 68. Ke4 Rh6 69. Kd5 Rg6 70. Rc7 Rh6 71. Rc6
Rxc6 72. Kxc6 Ke7 1/2-1/2

[Event "Gibtelecom Masters 2nd"]
[Site "Gibraltar"]
[Date "2004.01.30"]
[Round "4.13"]
[White "Kunte, Abhijit"]
[Black "Swathi, Ghate"]
[Result "1-0"]
[WhiteElo "2512"]
[BlackElo "2297"]
[PlyCount "71"]
[EventDate "2004.01.27"]
[EventType "swiss"]
[EventRounds "10"]
[EventCountry "GGB"]
[SourceTitle "BritBase"]
[Source "www.saund.co.uk"]
[SourceDate "2018.02.10"]
[SourceVersion "1"]
[SourceVersionDate "2018.02.10"]
[SourceQuality "1"]

1. g3 c5 2. Bg2 g6 3. Nf3 Nc6 4. d4 cxd4 5. Nxd4 Bg7 6. Nb3 d6 7. O-O Be6 8.
Nc3 Nf6 9. e4 Qd7 10. Nd5 Bh3 11. Re1 h5 12. Bxh3 Qxh3 13. Nf4 Qd7 14. h4 Rc8
15. f3 O-O 16. Kg2 b6 17. c3 e5 18. Nh3 Nh7 19. Be3 f5 20. Qd5+ Kh8 21. Rad1
Rf6 22. Bg5 Re6 23. exf5 gxf5 24. Nf4 Rce8 25. Nxe6 Rxe6 26. Nd4 Nxd4 27. cxd4
Qe8 28. dxe5 dxe5 29. Qd8 Nf8 30. Qxe8 Rxe8 31. Rd6 Ne6 32. Bd2 Rd8 33. Rxd8+
Nxd8 34. Bc3 Nc6 35. Rd1 Nd4 36. f4 1-0

[Event "Gibtelecom Masters 2nd"]
[Site "Gibraltar"]
[Date "2004.01.30"]
[Round "4.15"]
[White "Houska, Jovanka"]
[Black "Emms, John"]
[Result "1/2-1/2"]
[WhiteElo "2370"]
[BlackElo "2501"]
[PlyCount "58"]
[EventDate "2004.01.27"]
[EventType "swiss"]
[EventRounds "10"]
[EventCountry "GGB"]
[SourceTitle "BritBase"]
[Source "www.saund.co.uk"]
[SourceDate "2018.02.10"]
[SourceVersion "1"]
[SourceVersionDate "2018.02.10"]
[SourceQuality "1"]

1. e4 c5 2. Nf3 Nc6 3. Bb5 g6 4. O-O Bg7 5. c3 Nf6 6. Re1 O-O 7. d4 d5 8. e5
Ne4 9. Bxc6 bxc6 10. Nbd2 Bf5 11. Nxe4 dxe4 12. Nh4 e6 13. Nxf5 exf5 14. Be3
Rb8 15. Qc2 Qd5 16. Red1 c4 17. Rab1 Rb7 18. b3 Rfb8 19. Bf4 Qe6 20. bxc4 Qxc4
21. e6 Rxb1 22. Rxb1 Rxb1+ 23. Qxb1 Qxe6 24. Qb8+ Bf8 25. Qxa7 Qc4 26. Qa5 Qe2
27. g3 Qd1+ 28. Kg2 Qf3+ 29. Kg1 Qd1+ 1/2-1/2

[Event "Gibtelecom Masters 2nd"]
[Site "Gibraltar"]
[Date "2004.01.30"]
[Round "4.16"]
[White "Howell, David"]
[Black "Wells, Peter K"]
[Result "1/2-1/2"]
[WhiteElo "2304"]
[BlackElo "2493"]
[PlyCount "98"]
[EventDate "2004.01.27"]
[EventType "swiss"]
[EventRounds "10"]
[EventCountry "GGB"]
[SourceTitle "BritBase"]
[Source "www.saund.co.uk"]
[SourceDate "2018.02.10"]
[SourceVersion "1"]
[SourceVersionDate "2018.02.10"]
[SourceQuality "1"]

1. e4 e5 2. Nf3 Nc6 3. Bb5 a6 4. Bxc6 dxc6 5. O-O Qd6 6. Na3 Be6 7. Qe2 f6 8.
Rd1 O-O-O 9. d4 Bg4 10. c3 Qe6 11. Nc2 Re8 12. Qe3 exd4 13. Nfxd4 Qd7 14. Rd3
c5 15. Ne2 Qa4 16. f3 Qxc2 17. b3 Rd8 18. Rxd8+ Kxd8 19. fxg4 Qd1+ 20. Kf2 Nh6
21. h3 Nf7 22. Qd2+ Qxd2 23. Bxd2 Bd6 24. Ng1 Re8 25. Nf3 Rxe4 26. Re1 Rxe1 27.
Bxe1 Kd7 28. Ke3 Ke6 29. c4 g6 30. Bc3 Bg3 31. Ng1 Be5 32. Ne2 Nd8 33. Bd2 Nc6
34. Nc1 Bd4+ 35. Ke4 f5+ 36. gxf5+ gxf5+ 37. Kf4 Ne5 38. Kg5 Nf7+ 39. Kf4 Bg7
40. Ke3 Bh6+ 41. Ke2 Bxd2 42. Kxd2 Ne5 43. Ne2 Ng6 44. Ke3 Ke5 45. g3 b6 46.
Nf4 Nxf4 47. gxf4+ Kf6 48. Kf3 Kg6 49. Kg3 Kh5 1/2-1/2

[Event "Gibtelecom Masters 2nd"]
[Site "Gibraltar"]
[Date "2004.01.30"]
[Round "4.19"]
[White "Speck, Nick"]
[Black "Epishin, Vladimir"]
[Result "1/2-1/2"]
[WhiteElo "2381"]
[BlackElo "2633"]
[PlyCount "79"]
[EventDate "2004.01.27"]
[EventType "swiss"]
[EventRounds "10"]
[EventCountry "GGB"]
[SourceTitle "BritBase"]
[Source "www.saund.co.uk"]
[SourceDate "2018.02.10"]
[SourceVersion "1"]
[SourceVersionDate "2018.02.10"]
[SourceQuality "1"]

1. e4 c5 2. Nf3 e6 3. d4 cxd4 4. Nxd4 a6 5. Nc3 b5 6. Bd3 Qb6 7. Nf3 Qc7 8. O-O
Bb7 9. Re1 Be7 10. e5 f5 11. exf6 Nxf6 12. Ne4 Nxe4 13. Bxe4 Bxe4 14. Rxe4 O-O
15. Qd3 Nc6 16. c3 Rf5 17. Be3 Bf6 18. Bd4 Nxd4 19. Nxd4 Rd5 20. Qe3 Qd6 21.
Nf3 Rf8 22. Re1 g6 23. Qe2 Bg7 24. a4 h6 25. Rb4 Rff5 26. axb5 axb5 27. h3 g5
28. Re4 Bf6 29. g4 Rf4 30. Rxf4 Qxf4 31. Rd1 Rxd1+ 32. Qxd1 d5 33. Qd3 Kg7 34.
Kg2 Qc4 35. Qe3 Kf7 36. Qa7+ Kg6 37. Qd7 Qe2 38. Qe8+ Kg7 39. Qd7+ Kg6 40. Qe8+
1/2-1/2

[Event "Gibtelecom Masters 2nd"]
[Site "Gibraltar"]
[Date "2004.01.30"]
[Round "4.20"]
[White "Mannion, Stephen R"]
[Black "Poluljahov, Aleks"]
[Result "1/2-1/2"]
[WhiteElo "2352"]
[BlackElo "2526"]
[PlyCount "46"]
[EventDate "2004.01.27"]
[EventType "swiss"]
[EventRounds "10"]
[EventCountry "GGB"]
[SourceTitle "BritBase"]
[Source "www.saund.co.uk"]
[SourceDate "2018.02.10"]
[SourceVersion "1"]
[SourceVersionDate "2018.02.10"]
[SourceQuality "1"]

1. e4 c5 2. Nf3 Nc6 3. d4 cxd4 4. Nxd4 e6 5. Nb5 d6 6. c4 Nf6 7. N1c3 a6 8. Na3
b6 9. Be2 Bb7 10. O-O Nb8 11. f3 Nbd7 12. Be3 Be7 13. Qe1 O-O 14. Qf2 Rc8 15.
Rac1 Qc7 16. Rfd1 Bd8 17. Kh1 Qb8 18. Rc2 Bc7 19. Rcd2 Rfe8 20. Bf4 Ne5 21. Bg5
Ned7 22. Bf4 Ne5 23. Bg5 Ned7 1/2-1/2

[Event "Gibtelecom Masters 2nd"]
[Site "Gibraltar"]
[Date "2004.01.30"]
[Round "4.21"]
[White "Dunn, Andrew"]
[Black "Ward, Chris"]
[Result "0-1"]
[WhiteElo "2205"]
[BlackElo "2522"]
[PlyCount "68"]
[EventDate "2004.01.27"]
[EventType "swiss"]
[EventRounds "10"]
[EventCountry "GGB"]
[SourceTitle "BritBase"]
[Source "www.saund.co.uk"]
[SourceDate "2018.02.10"]
[SourceVersion "1"]
[SourceVersionDate "2018.02.10"]
[SourceQuality "1"]

1. d4 Nf6 2. Nf3 e6 3. e3 c5 4. Bd3 b6 5. O-O Bb7 6. Nbd2 Be7 7. c3 Nc6 8. Qe2
O-O 9. Ne5 Qc7 10. f4 g6 11. e4 cxd4 12. Nxc6 dxc6 13. cxd4 c5 14. dxc5 Qxc5+
15. Kh1 Rfd8 16. e5 Nd5 17. Nb3 Qc8 18. Bd2 Nb4 19. Bxb4 Bxb4 20. Rac1 Qd7 21.
Rfd1 Qa4 22. Be4 Bxe4 23. Qxe4 a5 24. Rd4 Qxa2 25. Rcd1 Be7 26. Qc2 Rdc8 27.
Qd3 Qxb2 28. Rd7 Rd8 29. Qf3 a4 30. Rxd8+ Rxd8 31. Rxd8+ Bxd8 32. Qd3 Be7 33.
Nd2 Qc1+ 34. Nf1 a3 0-1

[Event "Gibtelecom Masters 2nd"]
[Site "Gibraltar"]
[Date "2004.01.30"]
[Round "4.22"]
[White "Vuckovic, Bojan"]
[Black "Mohota, Nisha"]
[Result "1-0"]
[WhiteElo "2511"]
[BlackElo "2337"]
[PlyCount "55"]
[EventDate "2004.01.27"]
[EventType "swiss"]
[EventRounds "10"]
[EventCountry "GGB"]
[SourceTitle "BritBase"]
[Source "www.saund.co.uk"]
[SourceDate "2018.02.10"]
[SourceVersion "1"]
[SourceVersionDate "2018.02.10"]
[SourceQuality "1"]

1. e4 c5 2. Nf3 d6 3. d4 cxd4 4. Nxd4 Nf6 5. Nc3 a6 6. Bg5 e6 7. f4 Bd7 8. Qf3
Nc6 9. O-O-O Rc8 10. Bc4 Nxd4 11. Rxd4 b5 12. Bb3 h6 13. Bh4 Rc5 14. e5 g5 15.
fxg5 dxe5 16. g6 exd4 17. Bxf6 Bc6 18. Qf2 Rf5 19. Qxf5 exf5 20. gxf7+ Kd7 21.
Bxd8 Kxd8 22. Ne2 Bc5 23. Nf4 Kc7 24. Ne6+ Kb6 25. Nxc5 Kxc5 26. Re1 Kd6 27.
Re6+ Kd7 28. Rxh6 1-0

[Event "Gibtelecom Masters 2nd"]
[Site "Gibraltar"]
[Date "2004.01.30"]
[Round "4.24"]
[White "Davies, Nigel"]
[Black "White, Ian"]
[Result "1-0"]
[WhiteElo "2502"]
[BlackElo "2018"]
[PlyCount "81"]
[EventDate "2004.01.27"]
[EventType "swiss"]
[EventRounds "10"]
[EventCountry "GGB"]
[SourceTitle "BritBase"]
[Source "www.saund.co.uk"]
[SourceDate "2018.02.10"]
[SourceVersion "1"]
[SourceVersionDate "2018.02.10"]
[SourceQuality "1"]

1. d4 Nf6 2. Nc3 d5 3. Bg5 c6 4. e3 Nbd7 5. f4 g6 6. Nf3 Bg7 7. Bd3 Nb6 8. O-O
Bf5 9. Bxf6 Bxf6 10. Ne5 Bxd3 11. Qxd3 e6 12. Kh1 Bg7 13. Rad1 O-O 14. e4 f6
15. Nf3 Nc4 16. Rb1 f5 17. e5 Bh6 18. Ne2 Qd7 19. b3 Nb6 20. Rfd1 Rfc8 21. Qe3
Qe7 22. a4 Kh8 23. Ra1 a6 24. a5 Nd7 25. c4 b5 26. axb6 Nxb6 27. c5 Nd7 28. Ra4
Ra7 29. Rda1 Nb8 30. Nc1 Qb7 31. g3 Qb5 32. Kg2 Bg7 33. Qc3 Qb7 34. Nd3 h6 35.
h4 Nd7 36. R1a3 Rca8 37. Qa1 Bf8 38. h5 gxh5 39. Qh1 Nb8 40. Qxh5 Kg8 41. Qg6+
1-0